000 00876nam a2200265Ia 4500
003 OSt
005 20221005113122.0
006 a|||||r|||| 00| 0
007 ta
008 221004b |||||||| |||| 00| 0 pan d
020 _a8187654716
_c160
024 _a117524
037 _b595, 09/02/2012, H.K. Prakashan
_cTextual
040 _aCRL
_cCRL
_bpan
041 _2pan
_apan
082 _aO153,6:g, P3
100 _aਮਨਮੇਹਨ
245 0 _aਵਿਚਾਰ ਚਿੰਤਨ ਤੇ ਵਿਹਾਰ
260 _aਦਿੱਲੀ
_bਮਨਪ੍ਰੀਤ ਪ੍ਰਕਾਨ ਭਾਰਤ
_c2003
300 _a144ਪੰ
_ccm.
650 _a ਪੰਜਾਬੀ ਸਾਹਿਤ
650 _aਪੰਜਾਬੀ ਸਾਹਿਤ
942 _hO153,6:g, P3
_cTEXL
_2cc
999 _c1027110
_d1027110